[Event "Bogota McGregor op 3rd"]
[Site "Bogota"]
[Date "2012.12.12"]
[Round "1"]
[White "Vasquez Garrido, Kevin"]
[Black "Sandoval Lopez, Juan Manuel"]
[Result "1-0"]
[WhiteElo "1458"]
[BlackElo "2172"]
[PlyCount "51"]
[EventDate "2012.12.12"]
[EventType "swiss"]
[EventRounds "9"]
[EventCountry "COL"]
[SourceTitle "EXT 2014"]
[Source "ChessBase"]
[SourceDate "2013.11.20"]
[SourceVersion "1"]
[SourceVersionDate "2013.11.20"]
[SourceQuality "1"]

1. e4 c5 2. d4 cxd4 3. c3 dxc3 4. Nxc3 Nf6 5. Nf3 Nc6 6. Bc4 e5 7. 0-0 Bc5 8. Bg5 d6 9. h3 Nd4 10. Rc1 h6 11. Be3 Nxf3+ 12. Qxf3 Bxe3 13. Qxe3 Bd7 14. Rfd1 Qc8 15. Nb5 Bc6 16. Nxd6+ Kf8 17. Nxc8 Rxc8 18. Qc5+ Kg8 19. Qe7 Kh7 20. Bxf7 Be8 21. Rxc8 Bxf7 22. Rxh8+ Kxh8 23. Qxf7 Kh7 24. f4 exf4 25. e5 Ne4 26. Rd7 1-0